• 首页
  • 本馆介绍
  • 公告通知
  • 最新文献
  • 馆藏检索
  • 电子资源
  • 读者导购
  • 参考咨询
  • 我的图书馆
  • 登录
  • 详细信息显示
  • 放入我的书架
  • 预约/预借图书
  • 作者相关作品
  • 分类相关作品
  • 丛书相关作品
  • 出版社相关作品

书目信息

  • 表格格式
  • 工作单格式
  • 卡片格式
题名:
多模型建模与控制的理论和方法
    
 
作者: 雷虎民 , 邵雷 , 杨遵 著
分册:  
出版信息: 北京   国防工业出版社  2017.3
页数: 22,206页
开本: 24cm
丛书名:
单 册:
中图分类: TP271
科图分类:
主题词: 非线性系统(自动化)--系统建模--研究
电子资源:
ISBN: 978-7-118-11057-9
000 01062nam0 2200277 450
001 0400003178
005 20171021203144.0
010    @a978-7-118-11057-9@b精装@dCNY89.00
100    @a20170802d2017 kemy0chiy50 ea
101 0  @achi@eeng
102    @aCN@b110000
105    @ay v 000yy
106    @ar
200 1  @a多模型建模与控制的理论和方法@9duo mo xing jian mo yu kong zhi de li lun he fang fa@dTheory and method for multiple-model modeling and control@f雷虎民,邵雷,杨遵著@zeng
210    @a北京@c国防工业出版社@d2017.3
215    @a22,206页@d24cm
300    @a国防科技图书出版基金
330    @a本书重点论述了基于分段仿射方法的多模型离线建模、基于局部模型方法的多模型在线建模、基于即时学习方法的多模型在线建模的内容。
510 1  @aTheory and method for multiple-model modeling and control@zeng
606 0  @a非线性系统(自动化)@x系统建模@x研究
690    @aTP271@v5
701  0 @a雷虎民@9lei hu min@4著
701  0 @a邵雷@9shao lei@4著
701  0 @a杨遵@9yang zun@4著
801  0 @aCN@b91MARC@c20171021
905    @b1035696-700@dTP271@f5@e225
    
    多模型建模与控制的理论和方法=Theory and method for multiple-model modeling and control/雷虎民,邵雷,杨遵著.-北京:国防工业出版社,2017.3
    22,206页;24cm
    国防科技图书出版基金
    
    ISBN 978-7-118-11057-9(精装):CNY89.00
    本书重点论述了基于分段仿射方法的多模型离线建模、基于局部模型方法的多模型在线建模、基于即时学习方法的多模型在线建模的内容。
●
相关链接 在E读中查询图书 在五车中查询图书 在当当中查询图书 在豆瓣中查询图书


正题名:多模型建模与控制的理论和方法     索取号:TP271/225         预约/预借

序号 登录号 条形码 馆藏地/架位号 状态 备注
1 1035696   210356960   第二样本阅览室/ [索取号:TP271/225] 在馆    
2 1035697   210356979   密集书库—计算机科学学院/ [索取号:TP271/225] 在馆    
3 1035698   210356988   第三借阅区/ [索取号:TP271/225] 在馆    
4 1035699   210356997   第三借阅区/ [索取号:TP271/225] 在馆    
5 1035700   210357004   第三借阅区/ [索取号:TP271/225] 在馆    
唐山师范学院图书馆 欢迎您!
大连网信软件有限公司© 版权所有